Far-out facts

Bibliographic Details
Format: Book
Published: Washington : The National Geographic Society , 19--?
Series:Books for world explorers
Subjects:

MARC

LEADER 00000cam a2200000 7i4500
001 0000007716
002 000008286
005 20000330.0
020 |a 0870443194 
090 0 0 |a J 500   |b FAR 
245 0 0 |a Far-out facts 
260 |a Washington :   |b The National Geographic Society ,   |c 19--? 
300 |a 104 p. ;   |c 37 cm. 
490 0 |a Books for world explorers 
650 0 0 |a Science   |x Miscellanea   |x Juvenile literature 
999 |a 0003819   |b BUKU   |c PINJAMAN   |e PERPUSTAKAAN KOMUNITI PETALING JAYA 
999 |a 0003820   |b BUKU   |c PINJAMAN   |e PERPUSTAKAAN KOMUNITI PETALING JAYA